000 00222nam a2200085Ia 4500
245 0 _aThe Dudgeon is coming
100 _a DODD, Lynley London, 2009
_983829
942 _cBK
008 210817s9999 xx 000 0 und d
999 _c403477
_d403476